مو لانا ا بو الکلا م آ ز ا د کی عصر ی معنو يت (Record no. 172109)

MARC details
000 -LEADER
fixed length control field 00719nam a22001937a 4500
005 - DATE AND TIME OF LATEST TRANSACTION
control field 20200128105607.0
010 ## - LCCN (DPL NO)
LC control number UR-10690
020 ## - INTERNATIONAL STANDARD BOOK NUMBER
Terms of availability 300.00
International Standard Book Number -
035 ## - SYSTEM CONTROL NUMBER
System control number U-9245
037 ## - SOURCE OF ACQUISITION
Source of stock number/acquisition DBAD/PUB
Stock number -
082 ## - DEWEY DECIMAL CLASSIFICATION NUMBER
Classification number 844.8
100 ## - MAIN ENTRY--PERSONAL NAME
Personal name ا بو الکلا م آ ز ا د
245 ## - TITLE STATEMENT
Title مو لانا ا بو الکلا م آ ز ا د کی عصر ی معنو يت
Statement of responsibility, etc ا بو الکلا م آ ز ا د
246 ## - VARYING FORM OF TITLE
Remainder of title Moulana Abulkalam Azad Ki Asri Maanviat (Urdu)
Title proper/short title by Abulkalam Azad
260 ## - PUBLICATION, DISTRIBUTION, ETC. (IMPRINT)
Place of publication, distribution, etc Rajisthan
Name of publisher, distributor, etc Rajisthan Urdu Academy
Date of publication, distribution, etc 2017ء
270 ## - ADDRESS
Address J-15,Jhalana Institutional Area,
City Delhi Jaipur
Postal code 302004
Telephone number 0141-2709771
Fax number -
300 ## - PHYSICAL DESCRIPTION
Extent 236 ص
Dimensions 22 Cm(Hb)
942 ## - ADDED ENTRY ELEMENTS (KOHA)
Source of classification or shelving scheme Dewey Decimal Classification
Item type Urdu Bks
Classification part 844.8
Call number suffix ا ب و
Holdings
Withdrawn status Lost status Not for loan Collection code Home library Current library Date acquired Source of acquisition Cost, normal purchase price Full call number Barcode Copy number Cost, replacement price Koha item type
      Non-fiction Central Library Central Library 28/01/2020 BPPD/Ven. 300.00 844.8 ا ب و U-9245 1 300.00 Urdu Bks

© Delhi Public Library
Hit Counter
free hit counter